000 00424nam a2200169Ia 4500
005 20250508152803.0
008 008 250505s9999 xx 000 0 hin d
037 _aTextual
040 _aFEDL
_beng
_cFEDL
041 _ahin
_2eng
084 _aB, TAG
_qFEDL
100 _aBhattacharya Vivek
245 0 _aVishwa pathik Rabindernath
300 _a107p.
942 _cTEXL
_hB, TAG
999 _c1338747
_d1338747